000 00980nam a2200205Ia 4500
999 _c38097
_d38097
001 4085
003 GE_BSU
005 20190920124800.0
008 181216s1973||||ge |||||||||||||| ||geo||
040 _cGE_BSU
041 _ageo
080 _a39(479.223) ს-21
245 _aსამხრეთ–დასავლეთ საქართველოს მოსახლეობის კულტურისა და ყოფის საკითხები :
_bN 1 /
_cრედ. ალ. რობაქიძე.
264 _aთბილისი :
_bმეცნიერები,
_c1973.
300 _a130 გვ. ;
_b21 სმ.
653 _aდასავლეთ საქართველოს კულტურა და ყოფა
653 _aსაქართველოს ეთნოლოგიის პრობლემები
700 _aრობაქიძე, ალ.
_eრედაქტორი
_94183
942 _cBK
_2udc